000 00242nam a2200097Ia 4500
008 230508s1967 xx 000 0 und d
041 _aeng
100 _aFORREST R. LINDSEY
245 _aPIPE FITTERS HANDBOOK
260 _bINDUSTRIAL PRESS
_c1967
999 _c739347
_d739347